000 00464cam a2200181ua 4500
001 2740
008 110907n ii |||gr||||Z||||||asm
040 _cMAIN
082 _a891.4512
100 1 _aRajkhuwa, Sailadhar,
_eAuthor.
245 1 1 _aSargadeou pratapsingha
_cby Sailadhar Rajkhuwa
250 _a1st.
260 _aGuahati:
_bLawyers book stall,968.
300 _a132p:
_c23cm.
653 _aAssamese drama
653 _aSargadeou pratapsingha
942 _cBK
999 _c2589
_d2589